Historia de la lengua y critica textual / (رقم التسجيلة. 130181)

تفاصيل مارك
000 -LEADER
fixed length control field 01036cam a22003134a 4500
008 - FIXED-LENGTH DATA ELEMENTS--GENERAL INFORMATION
fixed length control field 061215s2006 sp b 000 0 spa
010 ## - LIBRARY OF CONGRESS CONTROL NUMBER
LC control number 2007417284
020 ## - INTERNATIONAL STANDARD BOOK NUMBER
International Standard Book Number 386527286X (Vervuert)
020 ## - INTERNATIONAL STANDARD BOOK NUMBER
International Standard Book Number 8484892638 (Iberoamericana)
040 ## - CATALOGING SOURCE
Original cataloging agency DLC
Transcribing agency DLC
Modifying agency DCL
050 00 - LIBRARY OF CONGRESS CALL NUMBER
Classification number P47
Item number .H57 2006
092 04 - LOCALLY ASSIGNED DEWEY CALL NUMBER (OCLC)
Classification number 801.959
Item number H67327
Edition number 21
099 ## - LOCAL FREE-TEXT CALL NUMBER (OCLC)
Classification number 04
-- 801.959 H67327
245 00 - TITLE STATEMENT
Title Historia de la lengua y critica textual /
Statement of responsibility, etc. Lola Pons Rodriguez (ed.).
260 ## - PUBLICATION, DISTRIBUTION, ETC.
Place of publication, distribution, etc. Madrid :
Name of publisher, distributor, etc. Iberoamericana ;
Place of publication, distribution, etc. Frankfurt am Main :
Name of publisher, distributor, etc. Vervuert,
Date of publication, distribution, etc. 2006.
300 ## - PHYSICAL DESCRIPTION
Extent 334 p. ;
Dimensions 23 cm.
490 0# - SERIES STATEMENT
Series statement Lingèuâistica iberoamericana ;
Volume/sequential designation vol. 29
504 ## - BIBLIOGRAPHY, ETC. NOTE
Bibliography, etc. note Includes bibliographical references.
650 #0 - SUBJECT ADDED ENTRY--TOPICAL TERM
Topical term or geographic name entry element Criticism, Textual
General subdivision History.
650 #0 - SUBJECT ADDED ENTRY--TOPICAL TERM
Topical term or geographic name entry element Linguistics
General subdivision History.
653 ## - INDEX TERM--UNCONTROLLED
Uncontrolled term Critica textual
-- Historia
653 ## - INDEX TERM--UNCONTROLLED
Uncontrolled term Lingèuâistica
-- Historia
700 1# - ADDED ENTRY--PERSONAL NAME
Personal name Pons Rodriguez, Lola.
902 ## - LOCAL DATA ELEMENT B, LDB (RLIN)
No. of Items 2
905 ## - LOCAL DATA ELEMENT E, LDE (RLIN)
Cataloger Jamal
Reviser Rev.
905 ## - LOCAL DATA ELEMENT E, LDE (RLIN)
Cataloger Jihan
Reviser Cat.
942 ## - ADDED ENTRY ELEMENTS (KOHA)
Source of classification or shelving scheme Dewey Decimal Classification
Koha item type Books
المقتنيات
Source of classification or shelving scheme Not for loan Home library Current library Date acquired Full call number Barcode Date last seen Koha item type
Dewey Decimal Classification   المكتبة المركزبة الجديدة - جامعة القاهرة قاعة الثقاقات الاجنبية - الدور الثالث 11.02.2024 801.959 H67327 c.1 Spa. 01000116003687000 05.07.2024 Books
Dewey Decimal Classification   المكتبة المركزبة الجديدة - جامعة القاهرة قاعة الثقاقات الاجنبية - الدور الثالث 11.02.2024 801.959 H67327 c.2 Spa. 01000116003688000 05.07.2024 Books
Cairo University Libraries Portal Implemented & Customized by: Eng. M. Mohamady Contacts: new-lib@cl.cu.edu.eg | cnul@cl.cu.edu.eg
CUCL logo CNUL logo
© All rights reserved — Cairo University Libraries
CUCL logo
Implemented & Customized by: Eng. M. Mohamady Contact: new-lib@cl.cu.edu.eg © All rights reserved — New Central Library
CNUL logo
Implemented & Customized by: Eng. M. Mohamady Contact: cnul@cl.cu.edu.eg © All rights reserved — Cairo National University Library